[Event "33rd Leon Blitz Open 2020"]
[Site "chess.com INT"]
[Date "2020.07.14"]
[Round "9"]
[White "Kotsur, Pavel"]
[Black "Baskin, Robert"]
[Result "1-0"]
[WhiteTitle "GM"]
[BlackTitle "IM"]
[WhiteElo "2517"]
[BlackElo "2390"]
[WhiteFideId "13700278"]
[BlackFideId "24662402"]
[EventDate "2020.07.14"]
[EventType "blitz"]

1. e4 e5 2. Nf3 Nc6 3. Bb5 a6 4. Ba4 Nf6 5. O-O Be7 6. Re1 b5 7. Bb3 d6 8. c3
O-O 9. h3 Bb7 10. a3 Nd7 11. d3 Bf6 12. Nbd2 g6 13. Nf1 Bg7 14. Ng3 Nc5 15. Ba2
Ne6 16. Be3 Nf4 17. d4 Kh8 18. Qd2 Qf6 19. Kh2 Rad8 20. Rad1 Bc8 21. Ng1 h5 22.
Nf1 Nb8 23. g3 Ne6 24. d5 Nc5 25. Bg5 Nxe4 26. Bxf6 Nxd2 27. Bxg7+ Kxg7 28. Nxd2
Nd7 29. Nb3 Nb6 30. Na5 f5 31. c4 Bd7 32. b4 h4 33. Nf3 hxg3+ 34. fxg3 Na4 35.
Rc1 Rh8 36. cxb5 f4 37. h4 axb5 38. Rxc7 fxg3+ 39. Kxg3 Rhf8 40. Nc6 1-0

[Event "33rd Leon Blitz Open 2020"]
[Site "chess.com INT"]
[Date "2020.07.14"]
[Round "9"]
[White "Leiva, Giuseppe"]
[Black "Schut, Han"]
[Result "1-0"]
[WhiteTitle "IM"]
[WhiteElo "2391"]
[BlackElo "2101"]
[WhiteFideId "3804399"]
[BlackFideId "1005561"]
[EventDate "2020.07.14"]
[EventType "blitz"]

1. d4 Nf6 2. c4 g6 3. g3 Bg7 4. Bg2 d5 5. Nf3 O-O 6. O-O dxc4 7. Na3 c5 8. Nxc4
cxd4 9. Nxd4 Qc7 10. b3 Rd8 11. Nb5 Qd7 12. Bf4 Na6 13. Qxd7 Rxd7 14. Rad1 Nh5
15. Be5 Bxe5 16. Nxe5 Rxd1 17. Rxd1 Nc5 18. Rd8+ Kg7 19. Nc7 Rb8 20. Ne8+ Kh6
21. Nxf7# 1-0

[Event "33rd Leon Blitz Open 2020"]
[Site "chess.com INT"]
[Date "2020.07.14"]
[Round "9"]
[White "Nguyen, Thanh Thuy Tien"]
[Black "Abdusattorov, Nodirbek"]
[Result "0-1"]
[WhiteTitle "WIM"]
[BlackTitle "GM"]
[WhiteElo "1971"]
[BlackElo "2627"]
[WhiteFideId "12400998"]
[BlackFideId "14204118"]
[EventDate "2020.07.14"]
[EventType "blitz"]

1. Nf3 b5 2. e4 Bb7 3. Bxb5 Bxe4 4. O-O Nf6 5. d3 Bb7 6. Nc3 g6 7. Bg5 Bg7 8.
Qd2 O-O 9. Rfe1 Bxf3 10. gxf3 c6 11. Ba4 Na6 12. Kh1 Nc5 13. Bb3 e6 14. Ne4
Ncxe4 15. fxe4 Qb6 16. Rg1 a5 17. a4 d5 18. e5 Nd7 19. f4 Nc5 20. Qf2 Rab8 21.
Be7 Nxb3 22. Qxb6 Rxb6 23. Bxf8 Nxa1 24. Bc5 Rxb2 25. Rxa1 Bf8 26. Bd6 Bxd6 27.
exd6 Kf8 28. c4 Ke8 29. c5 Kd7 30. d4 Rb4 31. Kg2 Kc8 32. Kf3 Rxd4 33. Rb1 Rc4
34. Rb6 Rxc5 35. Ra6 Kd7 36. Ra7+ Kxd6 37. Rxf7 Rc4 38. Rxh7 Rxa4 39. Rg7 Ra1
40. Rxg6 a4 41. Rg8 a3 42. Ra8 a2 43. Kg2 d4 44. h4 d3 45. Ra3 d2 46. Rd3+ Ke7
47. Rxd2 Rg1+ 48. Kxg1 a1=Q+ 49. Kf2 Kf6 50. Re2 Kf5 51. Kf3 Qf1+ 52. Rf2 Qh3+
53. Ke2 Qxh4 54. Rf3 c5 55. Rc3 Qe7 56. Kf3 Qd6 57. Re3 Qxf4+ 58. Ke2 c4 59. Rc3
Qd4 60. Rf3+ Ke4 61. Rh3 Qb2+ 62. Kd1 c3 63. Rh4+ Kd5 64. Rh5+ e5 65. Ke1 Qd2+
66. Kf1 Qd1+ 67. Kf2 Qxh5 0-1

[Event "33rd Leon Blitz Open 2020"]
[Site "chess.com INT"]
[Date "2020.07.14"]
[Round "9"]
[White "Grunberg, Mihai-Lucian"]
[Black "Aldokhin, Ivan"]
[Result "1-0"]
[WhiteTitle "IM"]
[BlackTitle "IM"]
[WhiteElo "2401"]
[BlackElo "2413"]
[WhiteFideId "1204149"]
[BlackFideId "24115720"]
[EventDate "2020.07.14"]
[EventType "blitz"]

1. Nf3 Nf6 2. c4 g6 3. g3 Bg7 4. Bg2 O-O 5. O-O d6 6. d4 c6 7. Nc3 Qa5 8. e4 Na6
9. h3 e5 10. d5 cxd5 11. cxd5 Bd7 12. Be3 b5 13. a3 Rfc8 14. b4 Qd8 15. Qd3 Rxc3
16. Qxc3 Nxe4 17. Qb3 f5 18. Rac1 Nc7 19. Ng5 Nxg5 20. Bxg5 Qxg5 21. Rxc7 Qd8
22. Rfc1 e4 23. Qe3 a5 24. Qb6 axb4 25. Qxd6 bxa3 26. Rxd7 Qf6 27. Qc6 Ra6 28.
Qc8+ Bf8 29. Rcc7 1-0

[Event "33rd Leon Blitz Open 2020"]
[Site "chess.com INT"]
[Date "2020.07.14"]
[Round "9"]
[White "Moiseenko, Alexander"]
[Black "Santos Latasa, Jaime"]
[Result "0-1"]
[WhiteTitle "GM"]
[BlackTitle "GM"]
[WhiteElo "2620"]
[BlackElo "2575"]
[WhiteFideId "14102560"]
[BlackFideId "2293307"]
[EventDate "2020.07.14"]
[EventType "blitz"]

1. d4 Nf6 2. c4 e6 3. Nc3 Bb4 4. Nf3 d5 5. Bg5 dxc4 6. e4 c5 7. Bxc4 cxd4 8.
Nxd4 Qa5 9. Bxf6 Bxc3+ 10. bxc3 Qxc3+ 11. Kf1 gxf6 12. Rc1 Qa5 13. g3 Ke7 14.
Nb3 Qe5 15. Qe2 Nc6 16. f4 Qc7 17. Kg2 Bd7 18. Rhe1 Rad8 19. e5 f5 20. Qh5 Nb4
21. Qg5+ Ke8 22. Bb5 Bc6+ 23. Bxc6+ Nxc6 24. Red1 Qe7 25. Qg7 Rf8 26. Qxh7 Qa3
27. Kh3 Qxa2 28. Nc5 Rxd1 29. Rxd1 Qc2 30. Nxe6 Qxd1 31. Nxf8 Qg4+ 32. Kg2 Kxf8
33. Qh8+ Ke7 34. Qf6+ Ke8 35. h4 Nd4 36. Qd6 Qe2+ 37. Kh3 Qf1+ 0-1

[Event "33rd Leon Blitz Open 2020"]
[Site "chess.com INT"]
[Date "2020.07.14"]
[Round "9"]
[White "Djukic, Nikola"]
[Black "Le, Tuan Minh"]
[Result "0-1"]
[WhiteTitle "GM"]
[BlackTitle "IM"]
[WhiteElo "2525"]
[BlackElo "2501"]
[WhiteFideId "922412"]
[BlackFideId "12401153"]
[EventDate "2020.07.14"]
[EventType "blitz"]

1. e4 c5 2. Nf3 Nf6 3. e5 Nd5 4. d4 e6 5. c4 Nc7 6. Nc3 cxd4 7. Nxd4 d6 8. Bf4
dxe5 9. Bxe5 Nd7 10. Bg3 Be7 11. Be2 O-O 12. O-O a6 13. Bf3 Nb6 14. b3 Bf6 15.
Nde2 e5 16. Ne4 Ne6 17. Qxd8 Rxd8 18. Nxf6+ gxf6 19. Rfd1 Re8 20. Rd6 Nd7 21.
Rad1 Ndc5 22. Bh4 f5 23. Bf6 e4 24. Bh5 Nd3 25. Nc1 Ndf4 26. g4 b5 27. Kf1 bxc4
28. bxc4 a5 29. gxf5 Nxh5 30. fxe6 Nxf6 31. exf7+ Kxf7 32. Ne2 Bh3+ 33. Ke1 Bg4
34. Rc1 Bxe2 35. Kxe2 Red8 36. Rb6 Rab8 37. c5 Nd5 38. Rxb8 Rxb8 39. Rc2 Ke6 40.
f3 e3 41. Kd3 Kd7 42. c6+ Kc7 43. Kd4 Rd8 44. Kc5 Nf4 0-1

[Event "33rd Leon Blitz Open 2020"]
[Site "chess.com INT"]
[Date "2020.07.14"]
[Round "9"]
[White "Srihari, L R"]
[Black "Gabrielian, Artur"]
[Result "0-1"]
[WhiteTitle "FM"]
[BlackTitle "GM"]
[WhiteElo "2414"]
[BlackElo "2463"]
[WhiteFideId "46617116"]
[BlackFideId "4131002"]
[EventDate "2020.07.14"]
[EventType "blitz"]

1. d4 Nf6 2. Bg5 g6 3. Bxf6 exf6 4. e3 d5 5. g3 Bd6 6. Bg2 c6 7. Nd2 O-O 8. c4
dxc4 9. Nxc4 Bb4+ 10. Nd2 f5 11. a3 Bd6 12. Ne2 Nd7 13. O-O Nf6 14. Nc4 Bc7 15.
Rc1 h5 16. h4 Re8 17. Nf4 Bxf4 18. exf4 Be6 19. Ne5 Bd5 20. Re1 Bxg2 21. Kxg2
Qd5+ 22. Nf3 Rxe1 23. Qxe1 Re8 24. Qb4 Re2 25. Rc5 Qa2 26. Re5 Rxb2 27. Qe1 Ne4
28. Re8+ Kg7 29. Rxe4 fxe4 30. Ng5 Qd5 31. Kg1 e3 32. f3 Qxd4 0-1

[Event "33rd Leon Blitz Open 2020"]
[Site "chess.com INT"]
[Date "2020.07.14"]
[Round "9"]
[White "Budrewicz, Krzysztof"]
[Black "Elgersma, Onno"]
[Result "0-1"]
[BlackTitle "FM"]
[WhiteElo "2227"]
[BlackElo "2298"]
[WhiteFideId "1127950"]
[BlackFideId "1053531"]
[EventDate "2020.07.14"]
[EventType "blitz"]

1. d4 d5 2. c4 e6 3. Nc3 Nf6 4. Nf3 a6 5. Bg5 dxc4 6. e4 b5 7. e5 h6 8. Bh4 g5
9. exf6 gxh4 10. Ne5 Bb7 11. Nxf7 Qxf6 12. Nxh8 Qxh8 13. Qh5+ Kd8 14. Qxh4+ Be7
15. Qg4 Nc6 16. Rd1 Nb4 17. Be2 Nc2+ 18. Kf1 Qf6 19. Bf3 Bxf3 20. Qxf3 Qxf3 21.
gxf3 Kd7 22. Rg1 Rf8 23. Ke2 Kc6 24. Rg6 Bd6 25. Rxe6 Rf4 26. Ne4 Kd5 27. Rxh6
Nxd4+ 28. Ke3 Rxf3+ 29. Kd2 Bf4+ 30. Ke1 Bxh6 31. Nc3+ Ke5 32. Kf1 Rd3 33. Re1+
Kd6 34. Kg2 Bd2 35. Ne4+ Kc6 36. Nxd2 Rxd2 37. Re4 Kc5 38. h4 b4 39. h5 c3 40.
bxc3 bxc3 41. Re3 c2 42. Rc3+ Kb4 43. Rxc7 Rd1 44. h6 c1=Q 45. Rxc1 Rxc1 46. h7
Rc8 0-1

[Event "33rd Leon Blitz Open 2020"]
[Site "chess.com INT"]
[Date "2020.07.14"]
[Round "9"]
[White "Gavilan Diaz, Mario"]
[Black "Lauridsen, Jesper Morch"]
[Result "1-0"]
[WhiteTitle "FM"]
[BlackTitle "FM"]
[WhiteElo "2278"]
[BlackElo "2225"]
[WhiteFideId "2260905"]
[BlackFideId "1401890"]
[EventDate "2020.07.14"]
[EventType "blitz"]

1. d4 d5 2. c4 e6 3. Nc3 c5 4. cxd5 exd5 5. Nf3 Nc6 6. g3 Nf6 7. Bg2 Be7 8. O-O
O-O 9. Bg5 cxd4 10. Nxd4 h6 11. Be3 Re8 12. Nxc6 bxc6 13. Na4 Bg4 14. Rc1 Qa5
15. b3 Rac8 16. h3 Bf5 17. Bc5 Be4 18. Qd4 Bxg2 19. Kxg2 Bxc5 20. Rxc5 Qa6 21.
e3 Nd7 22. Rc2 Re4 23. Qd2 Rce8 24. Rfc1 Ne5 25. Nc5 Qc8 26. f4 Nd7 27. Nxe4
Rxe4 28. Rxc6 Qb7 29. Qxd5 Nf6 30. Rc8+ Qxc8 31. Rxc8+ Kh7 32. Qf5+ 1-0

[Event "33rd Leon Blitz Open 2020"]
[Site "chess.com INT"]
[Date "2020.07.14"]
[Round "9"]
[White "Galiana Salom, Juan Ramon"]
[Black "Herrera Reyes, Jose Antonio"]
[Result "1-0"]
[WhiteTitle "FM"]
[BlackTitle "FM"]
[WhiteElo "2248"]
[BlackElo "2304"]
[WhiteFideId "2203081"]
[BlackFideId "2274914"]
[EventDate "2020.07.14"]
[EventType "blitz"]

1. e4 f6 2. d4 g6 3. h4 h5 4. e5 Kf7 5. f4 Nh6 6. Nf3 Ng4 7. Bd3 c5 8. c3 cxd4
9. cxd4 d6 10. Qb3+ Kg7 11. O-O dxe5 12. dxe5 Nc6 13. Be4 Nd4 14. Qd1 Nxf3+ 15.
Qxf3 Qd4+ 16. Kh1 Bf5 17. Bxf5 gxf5 18. Nc3 e6 19. Qxb7+ Kg6 20. Qxa8 Nf2+ 21.
Rxf2 Qxf2 22. Qf3 Qxh4+ 23. Qh3 Qe1+ 24. Kh2 h4 25. Qe3 Qf1 26. Qe2 Qxe2 27.
Nxe2 Bc5 28. Bd2 Rd8 29. Bc3 Be3 30. exf6 a5 31. Rf1 a4 32. a3 Bd2 33. Rd1 Bxc3
34. Rxd8 Bxb2 35. Ra8 Bxa3 36. Rxa4 Bb2 37. Ra6 Kxf6 38. Rb6 Ba1 39. Kh3 Ke7 40.
Kxh4 Bf6+ 41. Kh5 1-0

[Event "33rd Leon Blitz Open 2020"]
[Site "chess.com INT"]
[Date "2020.07.14"]
[Round "9"]
[White "Thipsay, Praveen M"]
[Black "Vlassov, Nikolai"]
[Result "1-0"]
[WhiteTitle "GM"]
[BlackTitle "IM"]
[WhiteElo "2376"]
[BlackElo "2352"]
[WhiteFideId "5000033"]
[BlackFideId "4103360"]
[EventDate "2020.07.14"]
[EventType "blitz"]

1. e4 Nc6 2. d4 d5 3. Nc3 Nf6 4. e5 Nd7 5. Nxd5 Ndb8 6. Ne3 Qxd4 7. Qxd4 Nxd4 8.
c3 Nf5 9. Nf3 Nxe3 10. Bxe3 Bg4 11. Nd4 e6 12. h4 h6 13. h5 Bc5 14. Nxe6 Bxe3
15. Nxc7+ Kd7 16. Nxa8 Bf4 17. Rh4 Bxe5 18. Rxg4 Nc6 19. O-O-O+ Kc8 20. Re4 Kb8
21. Bb5 Bf6 22. Bxc6 bxc6 23. Rd7 Kxa8 24. Ra4 Re8 25. Raxa7+ Kb8 26. Rdb7+ Kc8
27. Rxf7 Kb8 28. Rfb7+ Kc8 29. a4 1-0

[Event "33rd Leon Blitz Open 2020"]
[Site "chess.com INT"]
[Date "2020.07.14"]
[Round "9"]
[White "Matveev, Vladimir3"]
[Black "Mrudul, Dehankar"]
[Result "1-0"]
[WhiteTitle "FM"]
[BlackTitle "WIM"]
[WhiteElo "2368"]
[BlackElo "2256"]
[WhiteFideId "24130753"]
[BlackFideId "25096990"]
[EventDate "2020.07.14"]
[EventType "blitz"]

1. d4 Nf6 2. c4 e6 3. Nf3 Bb4+ 4. Bd2 c5 5. Nc3 cxd4 6. Nxd4 Nc6 7. Nc2 Bxc3 8.
Bxc3 d5 9. cxd5 exd5 10. e3 O-O 11. Be2 Ne4 12. O-O Nxc3 13. bxc3 Qa5 14. Qd2
Bf5 15. Nd4 Nxd4 16. Qxd4 Rac8 17. Bf3 Be6 18. Rfd1 Rfd8 19. Rdc1 Rc4 20. Qd2
Rdc8 21. Rab1 Rxc3 22. Rxc3 Qxc3 23. Qxc3 Rxc3 24. h4 b6 25. Rb2 Kf8 26. Rd2 Rc5
27. g4 Ke7 28. Kg2 Kd6 29. Kg3 a5 30. Bg2 b5 31. f4 f6 32. e4 Rc3+ 33. Kf2 Kc5
34. f5 Bd7 35. exd5 Kd6 36. Bf3 b4 37. Be4 a4 38. Rb2 b3 39. axb3 axb3 40. Ke2
Bb5+ 41. Kf2 Bc4 42. g5 1-0

[Event "33rd Leon Blitz Open 2020"]
[Site "chess.com INT"]
[Date "2020.07.14"]
[Round "9"]
[White "Maly, Alexey"]
[Black "Vitiugov, Nikita"]
[Result "1-0"]
[WhiteTitle "IM"]
[BlackTitle "GM"]
[WhiteElo "2371"]
[BlackElo "2722"]
[WhiteFideId "14103184"]
[BlackFideId "4152956"]
[EventDate "2020.07.14"]
[EventType "blitz"]

1. d4 Nf6 2. c4 g6 3. Nc3 Bg7 4. e4 d6 5. Be2 O-O 6. Nf3 e5 7. O-O Nc6 8. d5 Ne7
9. Ne1 Nd7 10. Be3 f5 11. f3 f4 12. Bf2 g5 13. a4 a5 14. Nd3 Rf6 15. c5 Rh6 16.
cxd6 cxd6 17. Nb5 b6 18. Rc1 Nc5 19. b4 axb4 20. Nxb4 Qe8 21. Nc6 Nxc6 22. dxc6
Qh5 23. h4 gxh4 24. Bc4+ Kh8 25. Nxd6 Be6 26. Bxe6 Rxe6 27. Bxc5 h3 28. Rf2 bxc5
29. c7 hxg2 30. Rxg2 Bf8 31. c8=Q Rxc8 32. Nxc8 c4 33. Qd8 Qf7 34. Rxc4 Re8 35.
Qd5 1-0

[Event "33rd Leon Blitz Open 2020"]
[Site "chess.com INT"]
[Date "2020.07.14"]
[Round "9"]
[White "Deac, Bogdan-Daniel"]
[Black "Rustemov, Alexander"]
[Result "1-0"]
[WhiteTitle "GM"]
[BlackTitle "GM"]
[WhiteElo "2625"]
[BlackElo "2525"]
[WhiteFideId "1226380"]
[BlackFideId "4119002"]
[EventDate "2020.07.14"]
[EventType "blitz"]

1. Nf3 d5 2. d4 Nf6 3. c4 e6 4. g3 Bb4+ 5. Nc3 Be7 6. Bg2 O-O 7. O-O Nbd7 8. b3
c6 9. Bb2 b6 10. Qc2 Bb7 11. Rad1 Qc7 12. e4 dxe4 13. Nxe4 h6 14. Nxf6+ Nxf6 15.
c5 a5 16. Ne5 Nd5 17. cxb6 Nxb6 18. Nxc6 Rfc8 19. Rc1 Bg5 20. f4 Bf6 21. f5 Nd5
22. fxe6 Ne3 23. Qe2 Nxf1 24. Qxf1 fxe6 25. Bh3 Qd7 26. d5 Qxd5 27. Bg2 Qd7 28.
Bxf6 Bxc6 29. Rd1 Qf7 30. Be5 Qxf1+ 31. Bxf1 Bd5 32. Bg2 Kh7 33. Bxd5 exd5 34.
Rxd5 Rc2 35. Rd7 Re8 36. Rxg7+ Kh8 37. Re7+ 1-0

[Event "33rd Leon Blitz Open 2020"]
[Site "chess.com INT"]
[Date "2020.07.14"]
[Round "9"]
[White "Bethke, Richard"]
[Black "Jakubowski, Krzysztof"]
[Result "0-1"]
[WhiteTitle "FM"]
[BlackTitle "GM"]
[WhiteElo "2332"]
[BlackElo "2481"]
[WhiteFideId "12959243"]
[BlackFideId "1112848"]
[EventDate "2020.07.14"]
[EventType "blitz"]

1. e4 c5 2. Nf3 d6 3. d4 cxd4 4. Nxd4 Nf6 5. Nc3 a6 6. Be3 e5 7. Nf3 Qc7 8. a4
b6 9. Nd5 Nxd5 10. Qxd5 Bb7 11. Qb3 Nd7 12. Bc4 f6 13. Bf7+ Kd8 14. Bd5 Bxd5 15.
Qxd5 Rc8 16. c3 Qc4 17. Qxc4 Rxc4 18. Nd2 Rc6 19. O-O Be7 20. Rfd1 g6 21. Rac1
Kc7 22. b4 Kb7 23. c4 Rhc8 24. Nb3 Rxc4 25. Nc5+ R8xc5 26. bxc5 Rxc1 27. Rxc1
Nxc5 28. Bxc5 dxc5 29. Kf1 b5 30. Ke2 c4 31. f4 exf4 32. Kf3 Kc6 33. Kxf4 Bd6+
34. Ke3 Kc5 35. axb5 axb5 36. Rd1 Bxh2 37. Rh1 Be5 38. Rxh7 b4 39. Kd2 Kd4 40.
Rb7 b3 41. Rb4 Bf4+ 42. Kd1 Kd3 43. Rb6 Be5 44. g4 g5 45. Rb4 b2 46. Rb5 c3 47.
Rb3 b1=Q+ 0-1

[Event "33rd Leon Blitz Open 2020"]
[Site "chess.com INT"]
[Date "2020.07.14"]
[Round "9"]
[White "Narayanan, S.L."]
[Black "Visakh, N R"]
[Result "1-0"]
[WhiteTitle "GM"]
[BlackTitle "GM"]
[WhiteElo "2618"]
[BlackElo "2516"]
[WhiteFideId "5058422"]
[BlackFideId "25012223"]
[EventDate "2020.07.14"]
[EventType "blitz"]

1. e4 e6 2. d4 d5 3. Bd3 dxe4 4. Bxe4 Nf6 5. Bf3 c5 6. Ne2 Nc6 7. Be3 Nd5 8.
Bxd5 Qxd5 9. Nbc3 Qh5 10. d5 Nb4 11. d6 Bd7 12. Qd2 Rd8 13. O-O-O Bc6 14. Ng3
Qe5 15. Bf4 Qd4 16. Qxd4 cxd4 17. Rxd4 Nd5 18. Nxd5 Bxd5 19. c4 Bxg2 20. Re1 Bc6
21. b4 a6 22. Kc2 Kd7 23. c5 f6 24. Rd2 e5 25. Be3 Ke6 26. f4 exf4 27. Bxf4+ Kf7
28. Nf5 Bd7 29. Ne7 Re8 30. Rde2 g5 31. Bg3 h5 32. h4 g4 33. Kb3 Rh7 34. a4 Bxe7
35. Rxe7+ Rxe7 36. Rxe7+ Kg8 37. Rxd7 Rxd7 38. b5 axb5 39. axb5 Kf7 40. c6 bxc6
41. bxc6 Ra7 42. c7 1-0

[Event "33rd Leon Blitz Open 2020"]
[Site "chess.com INT"]
[Date "2020.07.14"]
[Round "9"]
[White "Sarkar, Justin"]
[Black "Aslanov, Umid"]
[Result "0-1"]
[WhiteTitle "IM"]
[BlackTitle "CM"]
[WhiteElo "2380"]
[BlackElo "2019"]
[WhiteFideId "2010011"]
[BlackFideId "13412620"]
[EventDate "2020.07.14"]
[EventType "blitz"]

1. e4 c5 2. Nf3 d6 3. d4 cxd4 4. Nxd4 Nf6 5. Nc3 a6 6. Bg5 e6 7. f4 Nbd7 8. Qe2
Qc7 9. O-O-O Be7 10. g4 O-O 11. Bg2 Rb8 12. Bxf6 Bxf6 13. g5 Bxd4 14. Rxd4 b5
15. Qd2 Nc5 16. Kb1 b4 17. Ne2 Na4 18. Rxb4 Bd7 19. b3 Nc3+ 20. Nxc3 Rxb4 21.
Nd5 Rxb3+ 22. cxb3 exd5 23. Rc1 Qb6 24. Qxd5 Rb8 25. Bf1 Be6 26. Qd2 Bxb3 27.
axb3 Qxb3+ 28. Ka1 Qa3+ 29. Qa2 Qxc1+ 30. Qb1 Qxb1# 0-1

[Event "33rd Leon Blitz Open 2020"]
[Site "chess.com INT"]
[Date "2020.07.14"]
[Round "9"]
[White "Hejazipour, Mitra"]
[Black "Arencibia Monduy, Antonio"]
[Result "0-1"]
[WhiteTitle "WGM"]
[BlackTitle "CM"]
[WhiteElo "2300"]
[BlackElo "2148"]
[WhiteFideId "12505951"]
[BlackFideId "3507939"]
[EventDate "2020.07.14"]
[EventType "blitz"]

1. Nf3 Nf6 2. g3 e6 3. b3 d5 4. Bb2 Be7 5. Bg2 O-O 6. O-O c5 7. d4 Nc6 8. Nbd2
b6 9. c4 Bb7 10. cxd5 exd5 11. Ne5 Nxd4 12. Bxd4 cxd4 13. Ndf3 Bc5 14. Nxd4 Re8
15. Nef3 Rc8 16. Bh3 Rc7 17. Qd3 Ne4 18. Rac1 a5 19. e3 Qa8 20. Rfd1 Ba6 21. Qb1
g6 22. Bf1 Bxf1 23. Kxf1 Qc8 24. Kg2 h5 25. Qb2 Qd7 26. a3 Rec8 27. b4 Bf8 28.
Ne5 Qe8 29. Nd3 Nc3 30. Rf1 Qe4+ 31. Nf3 Qxd3 32. bxa5 bxa5 33. Qb6 a4 34. Nd4
Bg7 35. Nf3 Qe4 36. h3 Rc6 37. Qb7 R8c7 38. Qb8+ Rc8 39. Qb7 Qe8 40. Rc2 Rc4 41.
Rfc1 Ne4 42. Rxc4 dxc4 43. Rd1 c3 44. Ne1 Nc5 45. Qb4 Nb3 46. Nc2 Qc6+ 47. Kg1
Bf8 48. Qf4 Nd2 49. Qd4 Nf3+ 0-1

[Event "33rd Leon Blitz Open 2020"]
[Site "chess.com INT"]
[Date "2020.07.14"]
[Round "9"]
[White "Przybylski, Wojciech"]
[Black "Klekowski, Maciej"]
[Result "0-1"]
[WhiteTitle "FM"]
[BlackTitle "GM"]
[WhiteElo "2321"]
[BlackElo "2506"]
[WhiteFideId "1117599"]
[BlackFideId "1132717"]
[EventDate "2020.07.14"]
[EventType "blitz"]

1. e4 e6 2. d4 d5 3. exd5 exd5 4. Nf3 Nc6 5. Bd3 Bd6 6. h3 Nge7 7. c3 Bf5 8. O-O
Qd7 9. b4 f6 10. a4 g5 11. Ne1 h5 12. a5 a6 13. Na3 Ng6 14. Bxf5 Qxf5 15. Qd3
Nce7 16. Nac2 Qd7 17. Qf3 g4 18. Qxf6 O-O-O 19. h4 Rdf8 20. Qg5 Rf5 21. Qe3 Nxh4
22. Nd3 Nf3+ 23. Kh1 Rg8 24. Qh6 Ng6 25. Ne3 Bf8 26. Nxf5 Bxh6 27. Nxh6 Rf8 28.
Nc5 Qd6 0-1

[Event "33rd Leon Blitz Open 2020"]
[Site "chess.com INT"]
[Date "2020.07.14"]
[Round "9"]
[White "Flores Quillas, Diego Saul Rodri"]
[Black "Idrisov, Ildar F"]
[Result "1-0"]
[WhiteTitle "FM"]
[BlackTitle "FM"]
[WhiteElo "2245"]
[BlackElo "2282"]
[WhiteFideId "3822508"]
[BlackFideId "4151020"]
[EventDate "2020.07.14"]
[EventType "blitz"]

1. e4 c6 2. d4 d5 3. Nc3 dxe4 4. Nxe4 Bf5 5. Ng3 Bg6 6. h4 h6 7. h5 Bh7 8. Nf3
Nd7 9. Bd3 Bxd3 10. Qxd3 e6 11. Bd2 Ngf6 12. O-O-O Qc7 13. Ne4 O-O-O 14. Nxf6
Nxf6 15. Qe2 Bd6 16. g3 Rd7 17. c4 c5 18. Bc3 Rhd8 19. dxc5 Bxc5 20. Ne5 Rxd1+
21. Rxd1 Rxd1+ 22. Kxd1 Bd6 23. Kc2 Bxe5 24. Bxe5 Qc5 25. b3 a6 26. Bxf6 gxf6
27. g4 Qd4 28. f3 Qf4 29. Qe4 Qh2+ 30. Kb1 Qg1+ 31. Kb2 Qf2+ 32. Ka3 Qc5+ 33. b4
Qg5 34. Qd4 Qc1+ 35. Ka4 Qc2+ 36. Ka5 Qh2 37. Qc5+ Kb8 38. Kb6 Ka8 39. Qc8+ Qb8
40. Qxb8+ Kxb8 41. b5 axb5 42. cxb5 Kc8 43. a4 Kb8 44. a5 Kc8 45. a6 bxa6 46.
Kxa6 Kb8 47. Kb6 1-0

[Event "33rd Leon Blitz Open 2020"]
[Site "chess.com INT"]
[Date "2020.07.14"]
[Round "9"]
[White "Sevian, Samuel"]
[Black "Chigaev, Maksim"]
[Result "1-0"]
[WhiteTitle "GM"]
[BlackTitle "GM"]
[WhiteElo "2660"]
[BlackElo "2588"]
[WhiteFideId "2040506"]
[BlackFideId "4108116"]
[EventDate "2020.07.14"]
[EventType "blitz"]

1. e4 e5 2. Nf3 Nc6 3. Bb5 a6 4. Ba4 Nf6 5. O-O Be7 6. Re1 b5 7. Bb3 d6 8. c3
O-O 9. h3 Re8 10. d4 Bb7 11. Nbd2 Bf8 12. a3 h6 13. d5 Na5 14. Ba2 c6 15. b4 Nc4
16. Nxc4 bxc4 17. Bxc4 cxd5 18. exd5 Qc7 19. Qb3 Rac8 20. Nd2 e4 21. Bb2 Re5 22.
Bf1 e3 23. Rxe3 Rxe3 24. fxe3 Bxd5 25. c4 Bb7 26. Bd4 Nd7 27. Rc1 Be7 28. Be2
Bf6 29. Bg4 Bxd4 30. exd4 Re8 31. Qd3 Nf6 32. Bf3 d5 33. c5 Qd7 34. Nb1 Qa4 35.
Qd1 Qd7 36. Nc3 Ne4 37. Bxe4 dxe4 38. d5 Bc8 39. Qd4 e3 40. Re1 Qe7 41. d6 Qe6
42. Nd5 e2 43. Ne7+ Rxe7 44. dxe7 Qxe7 45. Qd3 1-0

[Event "33rd Leon Blitz Open 2020"]
[Site "chess.com INT"]
[Date "2020.07.14"]
[Round "9"]
[White "Serreau, David"]
[Black "Keosidi, Konstantin"]
[Result "0-1"]
[WhiteTitle "CM"]
[BlackTitle "FM"]
[WhiteElo "2155"]
[BlackElo "2404"]
[WhiteFideId "631957"]
[BlackFideId "4175247"]
[EventDate "2020.07.14"]
[EventType "blitz"]

1. Nf3 d5 2. c4 e6 3. g3 Nf6 4. Bg2 c5 5. O-O Nc6 6. d4 dxc4 7. Qa4 cxd4 8. Nxd4
Qxd4 9. Bxc6+ Bd7 10. Bxd7+ Qxd7 11. Qxc4 Rc8 12. Qb3 Be7 13. Nc3 O-O 14. Bg5 b6
15. Rfd1 Qb7 16. Nb5 Rfd8 17. Rxd8+ Rxd8 18. Rd1 Rxd1+ 19. Qxd1 h6 20. Bxf6 Bxf6
21. Qd2 a6 22. Nc3 Qc6 23. Nd1 g6 24. b3 Kg7 25. f3 Qc5+ 26. Kg2 a5 27. e4 Bd4
28. Nb2 b5 29. Nd3 Qc3 30. Qxc3 Bxc3 31. Kf2 Kf6 32. Ke3 e5 33. f4 Ke6 34. fxe5
Bxe5 35. Nxe5 Kxe5 36. a3 h5 37. h3 g5 38. Kd3 h4 39. gxh4 gxh4 40. Ke3 b4 41.
axb4 axb4 42. Kd3 Kf4 43. Kc4 Kg3 44. Kxb4 Kxh3 45. Kc4 Kg4 46. b4 h3 47. b5 h2
48. b6 h1=Q 49. b7 Qxe4+ 0-1

[Event "33rd Leon Blitz Open 2020"]
[Site "chess.com INT"]
[Date "2020.07.14"]
[Round "9"]
[White "Eljanov, Pavel"]
[Black "Efimenko, Zahar"]
[Result "1/2-1/2"]
[WhiteTitle "GM"]
[BlackTitle "GM"]
[WhiteElo "2672"]
[BlackElo "2602"]
[WhiteFideId "14102951"]
[BlackFideId "14107201"]
[EventDate "2020.07.14"]
[EventType "blitz"]

1. e4 g6 2. d4 Bg7 3. c4 d6 4. Nc3 Nc6 5. Be3 e5 6. Nge2 Nh6 7. f3 f5 8. d5 Ne7
9. Qd2 Nf7 10. O-O-O O-O 11. Kb1 c5 12. h4 f4 13. Bf2 a6 14. a4 b5 15. axb5 axb5
16. Nxb5 Bd7 17. Nec3 Qa5 18. Be2 Nc8 19. Kc2 Na7 20. Ra1 Qb6 21. Rhb1 Qb8 22.
Kd1 Bf6 23. Nxa7 Rxa7 24. Rxa7 Qxa7 25. b4 Rc8 26. Ke1 Qc7 27. bxc5 dxc5 28. Nb5
Qd8 29. Na7 Rc7 30. Qa5 Bxh4 31. Bxh4 Qxh4+ 32. Kd2 Qf2 33. Qxc7 Qe3+ 34. Ke1
Qg1+ 35. Kd2 Qe3+ 36. Ke1 Qg1+ 37. Kd2 Qe3+ 1/2-1/2